[Event "Athens of East GM-Open 2019"]
[Site "Madurai"]
[Date "2019.08.13"]
[Round "3.13"]
[White "Rajesh, V A V"]
[Black "Ramakrishna, J.."]
[Result "1-0"]
[WhiteElo "2368"]
[BlackElo "2155"]
[Annotator "TA"]
[PlyCount "83"]
[EventDate "2019.08.11"]
[EventType "swiss"]
[EventCountry "IND"]
[SourceTitle "playchess.com"]
[Source "ChessBase"]
[SourceQuality "1"]

{[%evp 16,83,44,51,80,77,85,34,67,69,70,73,71,68,70,47,50,43,47,46,74,39,39,37,90,58,62,65,72,61,60,54,60,43,48,37,46,53,65,64,83,83,92,89,104,105,97,106,216,216,216,216,205,183,241,231,246,233,377,377,482,510,580,693,643,557,743,629,1166,1393]} 1. d4 Nf6 2. c4 g6 3. Nc3 Bg7 4. e4 d6 5. h3 O-O 6. Nf3 c5 7. d5 e6 8. Bd3 exd5 9. exd5 a6 {[#] E90: King's Indian: Classical: Early deviations and 6 h3} (9... Re8+ 10. Be3 Nbd7 11. O-O a6 12. a4 Nh5 13. Bg5 f6 14. Bh4 Bh6 15. Re1 Rxe1+ 16. Qxe1 Qf8 17. a5 Rb8 18. Ne4 Bf4 19. g4 g5 20. Bg3 Nxg3 21. fxg3 {1-0 (44) Kuzubov,Y (2644)-Ivanisevic,I (2616) Germany 2019}) 10. O-O $1 Re8 11. Be3 (11. Bf4 $16) 11... b6 {White is slightly better.} 12. Re1 Ra7 13. Bg5 $146 ({Predecessor:} 13. Qd2 Rae7 14. Nh2 Nbd7 15. Nf1 Ne5 16. Be2 h6 17. f4 Ned7 18. Bd3 Nh5 {1-0 (34) Prokuronov,E (2292)-Malofeev,A (2277) Peterhof 2007}) 13... Rxe1+ 14. Qxe1 h6 15. Be3 Re7 16. Qd2 Kh7 17. Re1 Qe8 18. Kf1 Nbd7 19. Bf4 Bf8 (19... Rxe1+ $14 20. Qxe1 Qxe1+ 21. Kxe1 Ne8) 20. Rxe7 (20. Rd1 {with more complications.} Ne5 21. Nxe5 dxe5 22. Bh2 Bg7 23. Re1) 20... Qxe7 21. Qe2 Bb7 22. Qxe7 (22. b3 {looks sharper.} Qxe2+ 23. Kxe2 Kg7 24. g4 Be7 25. Bh2) 22... Bxe7 23. Ke2 Kg7 24. a4 Ne8 25. g4 Ndf6 26. Nd2 Nc7 27. Bg3 h5 28. f3 Bc8 29. a5 bxa5 {[#]} 30. Nb3 $1 Nce8 31. Nxa5 h4 (31... hxg4 $16 {was called for.} 32. hxg4 Bd8) 32. Nc6 $18 ({Weaker is} 32. Bxh4 Nxd5 33. Bxe7 (33. Nxd5 Bxh4 34. f4 Bd7 $11) 33... Nxe7 $11) 32... hxg3 33. Nxe7 Bd7 34. f4 Nc7 (34... g2 $142 35. Kf2 Ng8) 35. Kf3 Kf8 36. Nc6 Bxc6 (36... Na8 $142 37. Kxg3 Nb6) 37. dxc6 {KBN-KNN} Ke7 38. Kxg3 {White is clearly winning.} Ke6 39. g5 Nfe8 40. Kg4 d5 41. cxd5+ Nxd5 42. Bc4 {Accuracy: White = 57%, Black = 30%.} 1-0

[Event "Athens of East GM-Open 2019"]
[Site "Madurai"]
[Date "2019.08.13"]
[Round "3.14"]
[White "Aditya B Kalyani"]
[Black "Raja Rithvik R"]
[Result "0-1"]
[WhiteElo "1888"]
[BlackElo "2357"]
[Annotator "TA"]
[PlyCount "68"]
[EventDate "2019.08.11"]
[EventType "swiss"]
[EventCountry "IND"]
[SourceTitle "playchess.com"]
[Source "ChessBase"]
[SourceQuality "1"]

{[%evp 24,68,17,-14,8,0,16,7,12,-14,-22,-13,12,-16,-3,-20,0,0,0,0,27,-13,-7,-12,0,-16,-14,-86,-68,-72,-55,-104,-111,-101,-116,-83,-83,-295,-284,-297,-304,-767,-763,-1015,-994,-1138,-1162]} 1. e4 c5 2. Nf3 d6 3. d4 cxd4 4. Nxd4 Nf6 5. Nc3 a6 6. Bc4 e6 7. Bb3 b5 8. O-O Be7 9. Qf3 Qb6 10. Be3 Qb7 11. Qg3 O-O 12. Bh6 Ne8 13. Rfe1 Kh8 {B87: Sicilian Scheveningen/Najdorf: 6 Bc4, with early ...b5} (13... Bd7 14. Rad1 Nc6 15. Nd5 Bd8 16. Nf5 exf5 17. exf5 Ne5 18. Rxe5 dxe5 19. f6 g6 20. Ne7+ {1-0 (20) Rublevsky,S (2678)-Zude,E (2409) Aix les Bains 2011}) 14. Bg5 Nf6 15. Rad1 b4 {The position is equal.} 16. Bxf6 $146 ({Predecessor:} 16. Na4 Nbd7 17. Qh3 Re8 18. Re3 Nf8 19. Rde1 Ng6 20. f4 e5 21. Nf5 Nxf4 {0-1 (58) Goossens,H (2049)-Djurovic,G (2391) Malinska 2013}) 16... Bxf6 17. Na4 Qc7 18. Nf3 Be7 19. Rc1 Bb7 20. c3 bxc3 21. Rxc3 Qa5 22. e5 d5 {With the idea ...Bc6.} 23. Rec1 Nd7 $1 24. Nd4 (24. Qf4 $5 {[%cal Rc3c7]}) 24... Rac8 25. f4 (25. Qe3 $11 {keeps the balance.}) 25... Nc5 $17 26. Nxc5 Bxc5 27. Qd3 Qb6 $36 {[%mdl 2048] Black is in control.} 28. Rd1 g6 29. Kh1 a5 30. Nc2 $2 {[#]} (30. h4 $17 {was called for.}) 30... d4 $1 $19 {[%mdl 512]} 31. Rc4 (31. Nxd4 Rfd8) 31... Ba6 32. Nxd4 $2 (32. Ne1) 32... Rfd8 {Black is clearly winning.} 33. Qc3 Bxc4 34. Bxc4 Rxd4 {Accuracy: White = 18%, Black = 77%.} 0-1

[Event "Athens of East GM-Open 2019"]
[Site "Madurai"]
[Date "2019.08.13"]
[Round "3.15"]
[White "Nitin, S.."]
[Black "Niraj, Saripalli"]
[Result "1/2-1/2"]
[WhiteElo "2385"]
[BlackElo "2150"]
[Annotator "TA"]
[PlyCount "129"]
[EventDate "2019.08.11"]
[EventType "swiss"]
[EventCountry "IND"]
[SourceTitle "playchess.com"]
[Source "ChessBase"]
[SourceQuality "1"]

{[%evp 22,129,13,17,15,10,16,0,6,6,7,15,13,7,22,17,14,14,49,54,87,44,34,30,33,4,9,18,5,17,6,1,10,-18,0,-24,10,0,0,0,14,16,58,60,60,60,64,64,64,58,62,17,17,0,0,5,4,0,2,0,0,3,17,15,15,15,14,17,25,4,5,0,0,0,0,0,0,0,0,0,8,5,6,0,0,0,0,0,0,0,0,0,0,0,0,0,0,0,0,0,0,0,0,0,0,0,0,0,0,0]} 1. e4 e5 2. Nf3 Nc6 3. Nc3 Nf6 4. Bb5 Bb4 5. O-O O-O 6. d3 Bxc3 7. bxc3 d6 8. Bg5 Qe7 9. Nd2 h6 10. Bh4 Nd8 {[%cal Bc6d8,Bd8e6,Be6f4][%mdl 32]} 11. Re1 Ne6 12. Nf1 Nf4 {C49: Four Knights: 4 Bb5 Bb4} 13. Ne3 {[#]} Be6 $146 ({Predecessor:} 13... c6 14. Bc4 Ng6 15. Bg3 Be6 16. Bb3 a5 17. Qb1 Rfb8 18. a4 Nh5 19. d4 Nxg3 20. hxg3 {1-0 (40) Kasimdzhanov,R (2698)-Batchuluun,T (2525) Chengdu 2017}) 14. Bc4 (14. Ba4 {keeps more tension.} Ng6 15. Bg3 Rfb8 16. c4 a6 17. Bb3) 14... Ng6 15. Bg3 Bxc4 16. Nxc4 Qe6 17. Ne3 Kh7 18. Qf3 Rae8 19. c4 c6 20. a4 Ng8 21. c3 N8e7 22. Nf5 Qf6 23. d4 Nxf5 24. exf5 Nh4 25. Bxh4 Qxh4 26. Re4 Qd8 27. d5 Qf6 28. Rd1 c5 29. Rde1 Rd8 30. Qh3 g6 (30... Rg8 {looks sharper.} 31. Kh1 Qg5 32. Kg1 Qf6) 31. f4 Qxf5 32. fxe5 Qxh3 33. gxh3 dxe5 34. Rxe5 $11 {[%mdl 4096] Endgame KRR-KRR} Rd7 35. a5 Kg7 36. Re7 Rfd8 37. Rxd7 Rxd7 {KR-KR} 38. Re8 Rc7 39. Kf2 Kf6 40. Kf3 h5 41. h4 Kf5 42. h3 f6 43. Ra8 a6 $1 44. Re8 g5 45. hxg5 (45. Rh8 {feels hotter.} Kg6 46. Rf8 Rg7 47. Rc8 Kf5 48. Kg3) 45... fxg5 {The position is equal.} 46. Kg3 Rf7 47. Re6 Rh7 48. Re1 Rd7 49. Re8 Rf7 50. Kf3 Rc7 51. Rh8 Kg6 52. Rf8 Rf7+ 53. Rxf7 Kxf7 {KP-KP} 54. Ke3 Kg6 55. Kf3 Kf5 56. Ke3 Ke5 57. Kf3 Kf5 58. Ke3 Ke5 59. Kf3 Kd6 {[#] Threatens to win with ...Kc7.} 60. Ke4 b6 61. axb6 {And now Kf5 would win.} a5 62. Kf5 {Kf6 would kill now.} g4 $1 {[%cal Rg4h3]} 63. hxg4 hxg4 64. b7 Kc7 65. Ke6 {Accuracy: White = 46%, Black = 74%.} 1/2-1/2

[Event "Athens of East GM-Open 2019"]
[Site "Madurai"]
[Date "2019.08.13"]
[Round "3.16"]
[White "Rathnakaran, K.."]
[Black "Rathneesh R"]
[Result "1-0"]
[WhiteElo "2344"]
[BlackElo "2226"]
[Annotator "TA"]
[PlyCount "119"]
[EventDate "2019.08.11"]
[EventType "swiss"]
[EventCountry "IND"]
[SourceTitle "playchess.com"]
[Source "ChessBase"]
[SourceQuality "1"]

{[%evp 13,119,-7,10,5,22,21,28,16,27,0,0,0,27,0,0,0,0,-18,-23,-43,-36,-33,0,0,0,-27,-41,-34,-21,-36,0,0,0,0,0,-91,0,0,-19,-79,-58,-31,22,41,20,32,117,117,113,113,114,95,96,96,141,141,141,152,144,153,148,148,142,86,72,45,241,243,224,222,290,191,191,191,191,191,191,192,488,487,511,459,1109,1021,716,469,641,641,641,634,1028,989,882,833,1863,1781,1863,1646,2504,2046,29979,29980,29982,29982,29988,29989,29989,29987]} 1. e4 c5 2. Nf3 e6 3. d3 Nc6 4. g3 Nf6 5. Bg2 Be7 6. O-O O-O 7. c3 d6 8. a4 {B30: Sicilian: 2...Nc6 3 Bb5, lines without ...g6} (8. Nbd2) 8... Bd7 9. Na3 Rc8 $146 ({Predecessor:} 9... a6 10. Re1 b5 11. e5 Ne8 12. h4 d5 13. Bf4 bxa4 14. Nc2 Qb6 {1-0 (36) Karakehajov,K (2281)-Popov,I Sofia 2004}) 10. Re1 {White has an edge.} Qc7 11. h3 Rfd8 12. Bd2 Be8 13. Nh2 d5 14. Nb5 Qb6 15. exd5 Nxd5 16. Qc2 a6 17. Na3 Na5 18. Nc4 Qb3 19. Qc1 {Hoping for Ra3.} Nxc4 20. dxc4 Qxc4 21. Ra3 Nb6 22. Ng4 $36 {[%mdl 2048] Ne5 is the strong threat. White is more active.} Qd3 23. Bf4 $1 {Black must now prevent Be4.} Nc4 24. b3 (24. Bf1 $1 $11 Qd5 25. Bxc4 Qxc4 26. Ne5) 24... Nd6 (24... Nxa3 $17 25. Be4 Nc2 $1 {[%mdl 512]} 26. Bxd3 Nxe1 27. Bxh7+ Kxh7 28. Qxe1 c4 29. bxc4 Bxa4) 25. Ne5 $11 Qf5 26. h4 (26. g4 $11 {remains equal.} Qf6 27. c4) 26... h5 27. Kh2 Bc6 (27... c4 $15) 28. Nxc6 bxc6 29. Ra2 c4 ({Black should try} 29... Qg6 $14) 30. b4 $16 Qg6 31. Rd2 Nf5 32. Rxd8+ Rxd8 33. Re4 Bxh4 34. gxh4 Nxh4 {[%csl Gh4][%cal Rg6g2] [#]} 35. Bh1 $1 {And now Bg5 would win.} Rd3 36. Bg3 (36. Rxc4 $6 Qg4 $11) 36... Nf5 {[%cal Rf5g3]} 37. Qe1 h4 38. Bc7 ({White should play} 38. Bf4) 38... Nh6 {Threatens to win with ...Ng4+.} 39. f3 (39. Rxh4 Ng4+ 40. Kg1 Ne3+ 41. Kh2 Rd1 $11) 39... Qg5 $2 (39... Nf5 $14) 40. Bf4 $18 ({Not} 40. Rxc4 $2 Rd2+ 41. Kh3 Qf5+ 42. Rg4 (42. Kxh4 $2 Qh7 $19) 42... Nxg4 $19) 40... Qf6 41. Rxc4 Nf5 42. Qe4 Rxc3 {[#]} 43. Be5 $1 {[%cal Re5f6]} ({Stronger than} 43. Rxc6 Ng3 $11) 43... Rxc4 44. Bxf6 Rxe4 45. fxe4 Ne3 $2 (45... Ng3) 46. Bxh4 f6 47. Bf2 Nd1 (47... Nc4 $142 48. Bg2 Nb2) 48. Bd4 e5 49. Ba1 Ne3 50. Bf3 Nf1+ 51. Kg2 Nd2 52. Be2 Nxe4 53. Bxa6 Nd6 54. a5 {[%cal Ba4a5,Ba5a6][%mdl 32]} Kf7 {[#]} 55. Bb7 $1 {[%mdl 512]} Nc4 (55... Nxb7 56. a6) 56. Bxc6 Ne3+ 57. Kf3 {White mates.} Nc2 58. Bc3 g5 59. a6 g4+ 60. Kxg4 {Accuracy: White = 63%, Black = 27%.} 1-0

[Event "Athens of East GM-Open 2019"]
[Site "Madurai"]
[Date "2019.08.13"]
[Round "3.17"]
[White "Kunal, M.."]
[Black "Kiran, Manisha Mohanty"]
[Result "0-1"]
[WhiteElo "2306"]
[BlackElo "2054"]
[Annotator "TA"]
[PlyCount "86"]
[EventDate "2019.08.11"]
[EventType "swiss"]
[EventCountry "IND"]
[SourceTitle "playchess.com"]
[Source "ChessBase"]
[SourceQuality "1"]

{[%evp 9,118,-5,0,-4,47,30,31,19,18,14,16,0,28,51,47,50,36,38,54,33,37,35,23,15,25,20,19,19,20,20,20,0,29,24,30,4,22,0,23,21,29,26,17,11,16,0,0,-33,0,-100,-102,-135,-106,-128,-127,-127,-111,-87,-132,-172,-166,-157,-156,-159,-120,-193,-200,-168,-6,-60,-47,-340,0,0,0,0,0,-8,0,-276,0,0,0,0,0,0,0,-1220,-1181,-6064,-6216,-4612,-3366,-3508,-5097,-29970,-29970,-29969,-29970,-29976,-29977,-29977,-29977,-29979,-29980,-29978,-29979,-29981,-29982,-29967,-12199]} 1. d4 Nf6 2. Nc3 d5 3. Bf4 g6 (3... e6 4. Nb5 Na6 5. e3 Be7 6. Nf3 O-O 7. Bd3 c6 8. Nc3 Nb4 9. h3 Nxd3+ 10. cxd3 b6 11. O-O Bb7 {0-1 (40) Rapport,R (2731)-Giri,A (2783) Wijk aan Zee 2019}) 4. e3 Bg7 5. h4 h5 6. Nf3 {D00: 1 d4 d5: Unusual lines} Bg4 (6... c6 $11) 7. Be2 Bxf3 8. Bxf3 {White is slightly better.} c6 9. Qe2 Nbd7 10. O-O-O e6 $146 ({Predecessor:} 10... Qa5 11. Kb1 b5 12. Qd2 {0-1 (40) Lugovskoy,M (2458)-Kourousis,E (2382) Pardubice 2016}) 11. e4 dxe4 12. Nxe4 Nxe4 13. Bxe4 Nf6 14. Bf3 Bh6 15. Bxh6 Rxh6 16. c4 {aiming for d5.} Kf8 17. Kb1 Rh8 18. g3 Kg7 19. Qe5 Qb8 20. Rd3 Re8 21. Rhd1 Re7 22. Qc5 Qc7 23. Rb3 a6 24. Qe5 Rd8 25. Rbd3 Rc8 26. Re3 Rd7 27. Be2 b5 {[%cal Bb7b5,Bb5c4][%mdl 32]} 28. f4 Qa7 29. g4 (29. Ra3 $11 {remains equal.}) 29... hxg4 $17 30. h5 {Threatens to win with h6+!} Rh8 31. Bxg4 bxc4 32. Bf3 Rxh5 $1 33. Bxh5 {And now Bf3 would win.} Rd5 34. Bf3 Rxe5 35. fxe5 Nd5 36. Bxd5 exd5 {[%mdl 4096] Endgame KQ-KRR} 37. e6 (37. Rh3 $17) 37... Qe7 $19 38. Rde1 f6 $2 (38... fxe6 $19 {White must now prevent ...Kf7.} 39. Rxe6 Qh4) 39. Ra3 (39. Kc1 $1 $11) 39... f5 $1 $15 40. Rxa6 $2 {[%mdl 8192]} ({Better is} 40. Kc2 $15) 40... Kf6 $2 ({Black should try} 40... Qh4 $1 $19 {[%cal Rh4e1]} 41. Ra7+ Kh6) 41. Ra3 $11 f4 42. Rf3 g5 43. a4 {[%cal Ba2a4,Ba4a5,Ba5a6,Ba6a7][%mdl 32]} c5 {Played: Qe7-b4} 0-1

[Event "Athens of East GM-Open 2019"]
[Site "Madurai"]
[Date "2019.08.13"]
[Round "3.18"]
[White "Surendran N"]
[Black "Karthikeyan, P.."]
[Result "0-1"]
[WhiteElo "2152"]
[BlackElo "2415"]
[Annotator "TA"]
[PlyCount "84"]
[EventDate "2019.08.11"]
[EventType "swiss"]
[EventCountry "IND"]
[SourceTitle "playchess.com"]
[Source "ChessBase"]
[SourceQuality "1"]

{[%evp 12,84,11,-3,5,2,8,-19,2,0,59,43,78,7,57,53,121,110,140,106,106,95,114,100,107,98,129,125,161,105,108,108,91,95,108,112,111,82,63,62,71,25,76,0,0,-8,-14,-15,-20,-48,-42,-299,-303,-325,-303,-303,-303,-303,-303,-303,-297,-572,-574,-573,-566,-560,-565,-521,-541,-709,-647,-29987,-29987,-29989,-29990]} 1. d4 Nf6 2. c4 e6 3. Nc3 Bb4 4. e3 O-O 5. Bd3 c5 6. Nf3 d5 7. a3 cxd4 {E53: Nimzo-Indian: Rubinstein: Main Line (4...0-0 5 Nf3 d5 6 Bd3 c5 7 0-0)} 8. axb4 dxc3 9. c5 (9. cxd5 exd5 10. bxc3 Bg4 11. Be2 Qc7 12. Bb2 Nc6 13. O-O Rfd8 14. b5 Ne5 15. Ba3 {½-½ (30) Moradiabadi,E (2593)-Ghaem Maghami,E (2586) Montreal 2014}) 9... cxb2 {The position is equal.} 10. Bxb2 Nbd7 $146 (10... Nc6 $11) ({Predecessor:} 10... Ne4 11. Qc2 f5 12. O-O Nd7 13. Bd4 Qc7 14. Qb2 Ndf6 15. Ne5 {1-0 (27) Bruemmel,A (2152)-Merz,R (1908) Berlin 2016}) 11. Qc2 {[%mdl 1024] White has compensation.} h6 12. Bd4 (12. O-O $16) 12... Qc7 13. Qb2 Ne8 ({Better is} 13... Re8 $14 14. Ne5 Nxe5 15. Bxe5 Qd8) 14. O-O $16 f6 15. Rfc1 $36 {[%mdl 2048] White is really pushing.} e5 16. Qb3 exd4 17. Qxd5+ {[%mdl 64] Double Attack} Rf7 18. exd4 {Re1 is the strong threat.} (18. Bh7+ $6 Kf8 $11) 18... Nf8 19. Re1 Bg4 {[#]} 20. Bc4 ({White should play} 20. Bb5 $1 $18 {[%cal Rb5e8]} Rd8 21. Qb3 Bxf3 22. gxf3) 20... a6 21. h3 ({Much weaker is} 21. Qxf7+ Qxf7 22. Bxf7+ Kxf7 $15) 21... Bxf3 22. Qxf3 {And now b5 would win.} ({Not} 22. Qxf7+ Qxf7 23. Bxf7+ Kxf7 $17) 22... Nd6 23. Bxf7+ Nxf7 24. Qb3 Rd8 25. d5 {Threatens to win with d6.} Ng6 26. Re3 Nf4 (26... Nfe5 $11) 27. Rd1 (27. d6 $16 Qc6 28. f3) 27... Ne5 $1 $11 28. Rd4 g5 {Black wants to play ...Qf7.} 29. d6+ Qf7 30. Qxf7+ Kxf7 31. g3 $2 {[%mdl 8192] [#]} (31. Kf1 $15) 31... Nf3+ $1 $19 {[%mdl 576] Double Attack} 32. Kf1 (32. Rxf3 Ne2+) 32... Nxd4 33. Re7+ Kg6 34. gxf4 {[%mdl 4096] Endgame KRN-KR} b6 (34... gxf4 $2 35. Rxb7 f3 36. Ke1 $17) 35. fxg5 hxg5 36. Rc7 $2 (36. Kg2) 36... bxc5 37. bxc5 Ne6 38. Rc6 a5 {[%cal Ba6a5,Ba5a4,Ba4a3][%mdl 32]} 39. Kg2 a4 40. Kg3 a3 {White must now prevent ...Ra8.} 41. h4 gxh4+ 42. Kxh4 Ra8 {Accuracy: White = 32%, Black = 58%.} 0-1

[Event "Athens of East GM-Open 2019"]
[Site "Madurai"]
[Date "2019.08.13"]
[Round "3.19"]
[White "Gokhale Rishabh Chandrashekhar"]
[Black "Harshavardhan G B"]
[Result "1/2-1/2"]
[WhiteElo "1981"]
[BlackElo "2391"]
[Annotator "TA"]
[PlyCount "143"]
[EventDate "2019.08.11"]
[EventType "swiss"]
[EventCountry "IND"]
[SourceTitle "playchess.com"]
[Source "ChessBase"]
[SourceQuality "1"]

{[%evp 22,143,72,68,66,61,68,36,46,49,43,29,33,0,9,12,7,22,79,85,104,105,112,110,111,111,110,104,104,102,116,85,91,83,92,66,65,50,68,58,66,38,60,22,48,13,29,0,0,0,0,0,0,-18,-17,-23,-18,-22,-25,-36,0,0,0,0,0,0,0,0,0,-8,-8,-8,-8,-8,-8,-8,-8,-8,-8,-8,-8,-8,0,-8,-8,-8,-8,-8,-8,-8,-8,-8,-8,-8,-8,-8,-8,-8,-8,-8,-8,-8,-8,-8,-8,-8,-8,-8,-8,-8,-8,-8,-8,-8,-8,-8,-8,-8,0,0,0,0,0,0]} 1. Nf3 Nf6 2. d4 c5 3. d5 d6 4. c4 b5 5. cxb5 a6 6. bxa6 Bxa6 7. Nc3 g6 8. e4 Bxf1 9. Kxf1 Bg7 10. g3 O-O 11. Kg2 Na6 12. Re1 Nd7 {A59: Benko/Volga Gambit: White castles by hand} (12... Qb6 13. Qe2 Qb7 14. a4 Nc7 15. Ra3 Rfe8 16. Nd2 Nd7 17. Nc4 Ne5 18. Nxe5 Bxe5 19. h4 e6 20. dxe6 Rxe6 {1-0 (32) Sychev,K (2445)-Zvjaginsev,V (2673) Moscow 2016}) 13. Qe2 Qb6 14. Nd2 Nc7 {White is slightly better.} 15. a4 Qa6 $146 ({Predecessor:} 15... Rfb8 16. Ra3 Qa5 17. Nc4 Qa6 18. f4 Rb4 19. Nb5 Nxb5 20. axb5 {1-0 (43) Laszczak,P (1610)-Molina Hernandez,A (2004) Barcelona 2014}) 16. Ra3 Rfb8 17. Nd1 {[%cal Bc3d1,Bd1e3,Be3c2][%mdl 32]} Qxe2 18. Rxe2 Rb4 19. b3 Kf8 (19... Bd4 $11 {remains equal.}) 20. Ne3 $16 Ne5 {[#] aiming for ...Nd3.} 21. Bb2 $1 Nd3 22. Bxg7+ Kxg7 23. Nc2 {Re3 is the strong threat.} Rb7 24. Re3 Nb4 25. Nxb4 Rxb4 26. Ra1 Nb5 27. Rc1 Nd4 28. Rd3 Rab8 29. Rcc3 Kf8 30. Kf1 Ke8 31. Ke1 Kd7 32. Kd1 f5 33. f3 h5 34. h4 f4 35. gxf4 Rf8 36. f5 gxf5 37. Rc4 Rxc4 38. Nxc4 fxe4 39. fxe4 $11 {[%mdl 4096] Endgame KRN-KRN} Rf4 40. e5 Rxh4 41. exd6 $1 {The position is equal.} exd6 42. Rg3 Rg4 43. Rxg4 hxg4 {KN-KN} 44. Nd2 Nf5 (44... g3 $5 45. Ke1 $8 g2 $11) 45. Ke2 Ne7 46. Ke3 Nxd5+ 47. Ke4 Kc6 48. Nf1 Nc7 {Black wants to play ...Ne6.} 49. Kf4 Kd5 50. Ne3+ Kd4 {Hoping for ...Ne6+.} 51. Nf5+ Kd5 52. Kxg4 Ne6 53. a5 Kc6 54. Kf3 d5 55. Ne7+ Kd6 56. Nc8+ Kd7 57. Nb6+ Kc6 {Threatens to win with ...Nd4+.} 58. Na4 Nd4+ 59. Ke3 Nxb3 60. a6 c4 61. a7 Kb7 {[#]} 62. a8=Q+ $1 {[%mdl 576] Decoy} Kxa8 63. Nb6+ Kb7 64. Nxd5 Kc6 65. Nb4+ Kb5 66. Nc2 Ka4 67. Ke2 Nc5 68. Ne3 c3 69. Nd5 c2 70. Kd2 Kb3 {( -> ...Kb2)} 71. Ne3 Ne4+ 72. Kc1 {Accuracy: White = 69%, Black = 73%.} 1/2-1/2

[Event "Athens of East GM-Open 2019"]
[Site "Madurai"]
[Date "2019.08.13"]
[Round "4.1"]
[White "Das, Sayantan"]
[Black "Savchenko, Boris"]
[Result "1-0"]
[WhiteElo "2409"]
[BlackElo "2576"]
[Annotator "TA"]
[PlyCount "75"]
[EventDate "2019.08.11"]
[EventType "swiss"]
[EventCountry "IND"]
[SourceTitle "playchess.com"]
[Source "ChessBase"]
[SourceQuality "1"]

{[%evp 12,74,50,23,54,24,43,38,51,37,29,24,34,36,58,16,83,31,77,86,120,114,115,144,150,111,112,103,87,107,107,106,119,94,274,215,335,304,311,299,286,260,608,604,673,654,862,842,908,913,913,897,897,884,29966,6000,29985,29986,29989,29990,29994,29995,29995,29996,29999]} 1. e4 c5 2. Nf3 Nc6 3. d4 cxd4 4. Nxd4 Qb6 5. Nb3 Nf6 6. Nc3 e6 7. Bd3 Qc7 {B33: Sicilian: Pelikan and Sveshnikov Variations} 8. Qe2 a6 9. f4 d6 {White is slightly better.} 10. Be3 (10. O-O Be7 11. Bd2 b5 12. a4 b4 13. Nd1 O-O 14. Nf2 e5 15. f5 Rd8 16. Bg5 Bb7 17. Rae1 d5 18. Bxf6 Bxf6 {1-0 (53) Najer,E (2663)-Korobov,A (2694) Czech Republic 2018}) 10... Be7 11. O-O-O b5 12. g4 Nd7 13. Kb1 Nb6 (13... Nb4 $11) 14. Qf2 {[#]} (14. a3 $16) 14... Rb8 $146 ({Predecessor:} 14... Na4 15. Ne2 Bb7 16. g5 Rc8 17. Rhg1 d5 {0-1 (45) Konguvel,P (2379)-Jakubowski,K (2548) Barcelona 2016}) 15. g5 Bd7 16. h4 Nc4 17. Bc1 Nb4 18. h5 Nxd3 19. cxd3 Na5 20. Nxa5 Qxa5 21. Ne2 b4 22. b3 f5 $2 (22... O-O $16) 23. Bb2 $18 {Black must now prevent h6.} O-O (23... e5 {keeps fighting.} 24. exf5 Bxf5) 24. h6 g6 {[#]} 25. Qd4 $1 {[%csl Gb2,Gh6][%cal Rd4g7][%mdl 512]} e5 26. fxe5 $40 {[%mdl 128] White has strong attack.} Qxe5 $2 (26... Qc5 27. e6 Qxd4 28. Nxd4 Be8 29. exf5 Bxg5) 27. Qa7 Qb5 28. Nf4 Bxg5 {[#]} 29. Nxg6 $1 {[%mdl 576] Promotion} hxg6 30. h7+ Kf7 31. h8=Q Rxh8 32. Bxh8 ({Less strong is} 32. Rxh8 Rxh8 33. Bxh8 Bf4 $18) 32... Rd8 33. Rh7+ Ke6 34. Qd4 {White mates.} Rxh8 35. exf5+ Kxf5 36. Qe4+ Kf6 37. Rf1+ Bf5 38. Qe7# {Accuracy: White = 77%, Black = 30%.} 1-0

[Event "Athens of East GM-Open 2019"]
[Site "Madurai"]
[Date "2019.08.13"]
[Round "4.2"]
[White "Smirnov, Pavel"]
[Black "Rajesh, V A V"]
[Result "1/2-1/2"]
[WhiteElo "2574"]
[BlackElo "2368"]
[Annotator "TA"]
[PlyCount "108"]
[EventDate "2019.08.11"]
[EventType "swiss"]
[EventCountry "IND"]
[SourceTitle "playchess.com"]
[Source "ChessBase"]
[SourceQuality "1"]

{[%evp 18,108,25,16,31,27,39,29,33,23,36,0,22,20,29,28,31,-21,-12,-16,-16,-16,-6,-7,-9,-8,-12,-18,-18,-34,0,0,0,0,17,0,0,-7,0,-45,0,-54,-54,-53,-53,-53,-53,-53,-44,-44,-44,-53,-43,-43,-43,-43,-43,-53,-53,-53,-53,-79,-79,-79,-79,-79,-79,-87,-79,-79,-69,-71,0,-79,-38,-38,-38,-38,-38,-38,-38,-38,-38,-38,-38,-38,-38,-38,0,-42,0,-43,0]} 1. Nf3 Nf6 2. c4 c5 3. Nc3 Nc6 4. d4 cxd4 5. Nxd4 g6 6. g3 d6 7. Nxc6 bxc6 8. Bg2 Bd7 9. O-O Bg7 10. Bf4 O-O {A31: Symmetrical English: 2 Nf3 Nf6 3 d4} 11. Qd2 Rb8 (11... Qb6 12. Rac1 Rab8 13. b3 c5 14. Bg5 Bc6 15. Bxc6 Qxc6 16. Bxf6 Bxf6 17. Nd5 Rfe8 18. Nxf6+ exf6 {½-½ (36) Ruck,R (2505)-Li,R (2581) Las Vegas 2018}) 12. Rac1 Qc8 {White has an edge.} 13. Rfd1 $146 ({Predecessor:} 13. b3 Rd8 14. Bh6 Bh8 15. Qe3 Ng4 16. Qd2 Nxh6 17. Qxh6 Qa6 18. Ne4 {0-1 (38) Sagredo,C-Fierro Baquero,M (2282) Willemstad 2001}) 13... Bh3 14. Bh1 Re8 15. b3 Qa6 16. Bh6 Bh8 17. b4 (17. Bg2 $14 Bxg2 18. Kxg2) 17... Ng4 18. b5 {[#]} Qb6 $1 {[%csl Gg4][%cal Rb6f2][%mdl 512]} 19. Be3 Nxe3 20. fxe3 cxb5 21. cxb5 Be6 22. Nd5 Bxd5 23. Bxd5 e6 24. Bc6 Red8 25. a4 {[%cal Ba2a4,Ba4a5][%mdl 32]} d5 26. a5 Qc7 27. Rc2 Be5 28. Rf1 Rdc8 {Threatens to win with ...Rxb5!} (28... Qe7 {with more complications.} 29. Kg2 h5 30. e4 dxe4 31. Qh6 Bg7) 29. e4 {[#]} (29. Qb4 $11) 29... Rxb5 $1 $15 {[%mdl 512]} 30. Bxb5 Qxc2 31. Qxc2 Rxc2 32. exd5 {[%mdl 4096] Endgame KRB-KRB} Bd4+ 33. Kg2 exd5 34. a6 Rb2 35. Bd3 Kg7 36. Rc1 Kf6 37. Kf3 h5 38. Rb1 Ra2 39. Rb4 Bb6 40. g4 hxg4+ 41. Rxg4 Ra1 42. h3 Ke6 43. Kg2 Rg1+ 44. Kh2 Ra1 45. Kg2 $1 g5 46. h4 Rg1+ 47. Kf3 Rf1+ 48. Kg2 $1 {[%cal Rg2f1]} Rf2+ 49. Kg3 gxh4+ 50. Rxh4 Rf6 51. Rh5 Be3 52. Rh8 {Strongly threatening Re8+.} Bb6 53. Rh5 Be3 54. Rh8 {Re8+ is the strong threat.} Bb6 {Accuracy: White = 61%, Black = 50%.} 1/2-1/2